Código de Aguas: edición oficial, aprobada por Decreto Nº 677 de 22 de junio de 1993 del Ministerio de Justicia

Salvato in:
Dettagli Bibliografici
Natura: Libro
Lingua:spagnolo
Pubblicazione: Santiago Juridica de Chile 1993
Edizione:14a. ed
Soggetti:
Tags: Aggiungi Tag
Nessun Tag, puoi essere il primo ad aggiungerne!!

MARC

LEADER 00000nam a2200000 a 4500
001 UCX9611
003 CL-VaPUC
008 940616e19930000CL |||||||||||||||||spa|d
082 0 4 |a 346.04691  |b COD  |2 21 
245 1 0 |a Código de Aguas: edición oficial, aprobada por Decreto Nº 677 de 22 de junio de 1993 del Ministerio de Justicia 
250 |a 14a. ed 
300 |a 235 p 
942 |c BK 
945 |d 19940616 00:00:00  |a aalvarez 
260 |a Santiago  |b Juridica de Chile  |c 1993 
500 |a Apéndice actualizado a enero de 1993 
650 0 |a Agua  |9 257149 
650 0 |a Derecho y legislación   |9 255077 
651 7 |a CHILE  |2 CL-VaPUC  |9 327045 
583 |a last modification  |c 20111020 10:56:28  |k Rodrigo Vera 
999 |c 228796  |d 228794 
952 |0 0  |1 0  |4 0  |6 346_046910000000000_COD_1993  |7 0  |8 A  |9 229223  |a BIBDER  |b BIBDER  |d 2019-11-15  |i 3218112  |o 346.04691 COD 1993  |p 3218112  |r 2023-01-25  |w 2019-11-15  |y BK  |k DER 
952 |0 0  |1 0  |4 0  |6 346_046910000000000_COD_1993  |7 0  |8 A  |9 229224  |a BIBDER  |b BIBDER  |d 2019-11-15  |i 3285103  |o 346.04691 COD 1993  |p 3285103  |r 2023-01-25  |w 2019-11-15  |y BK  |k DER